अपभ्रंश (Record no. 348193)

MARC details
000 -LEADER
fixed length control field 00818nam a2200241Ia 4500
003 - CONTROL NUMBER IDENTIFIER
control field OSt
005 - DATE AND TIME OF LATEST TRANSACTION
control field 20220923221251.0
008 - FIXED-LENGTH DATA ELEMENTS--GENERAL INFORMATION
fixed length control field 220922b |||||||| |||| 00| 0 hin d
037 ## - SOURCE OF ACQUISITION
Terms of availability Textual
040 ## - CATALOGING SOURCE
Original cataloging agency ARTS
Transcribing agency ARTS
Language of cataloging hin
041 ## - LANGUAGE CODE
Source of code hin
Language code of text/sound track or separate title hin
100 ## - MAIN ENTRY--PERSONAL NAME
Personal name पाठक, शिव सहाय
245 #0 - TITLE STATEMENT
Title अपभ्रंश
Remainder of title भाषा और व्याकरण
246 ## - VARYING FORM OF TITLE
Title proper/short title Apabhransha: bhāṣhā aur vyākaraṇa
260 ## - PUBLICATION, DISTRIBUTION, ETC.
Place of publication, distribution, etc. भोपाल
Name of publisher, distributor, etc. मध्यप्रदेश हिन्दी ग्रंथ अकादमी
Date of publication, distribution, etc. 1976
300 ## - PHYSICAL DESCRIPTION
Extent 16]323पृ.
Dimensions cm.
942 ## - ADDED ENTRY ELEMENTS (KOHA)
Classification part P1518, 152L6.1
Koha item type Textual
Source of classification or shelving scheme Colon Classification (CC)
Holdings
Withdrawn status Lost status Damaged status Not for loan Home library Current library Date acquired Total Checkouts Full call number Barcode Date last seen Price effective from Koha item type
        Arts Library Arts Library 2022-09-23   P1518 152L6.1 AL0683514 2022-09-23 2022-09-23 Textual
Copyright @ Delhi University Library System